000 00499nam a2200193Ia 4500
003 GCL
008 140319s9999 xx 000 0 aRus d
040 _aGCL /
_cGCL
082 0 4 _a863
_bD C
100 1 _aDIEZ, LUIS MATEO
245 1 0 _aMANUEL ANDUJAR CUENTOS COMPLETOS /
_cDIEZ, LUIS MATEO
260 _a[S.N] :
_bALIANZA EDITORIAL ،
_c1989
300 _a450 P
650 0 4 _aLITERATURE
650 0 4 _aFICTION
650 0 4 _aSPANISH LITERATURE
650 0 4 _aSPANISH FICTION
942 _2ddc
_cBK
999 _c15471
_d15471